| 000 | 00679nam a22001937a 4500 | ||
|---|---|---|---|
| 003 | NUST - PNEC | ||
| 005 | 20170116181200.0 | ||
| 008 | 160209b xxu||||| |||| 00| 0 eng d | ||
| 020 | _a9693502949 | ||
| 040 | _cLIBRARY | ||
| 082 | _a958.5491 AHM | ||
| 100 |
_916305 _aAhmad Hasan Dani |
||
| 245 |
_aNew light on Central Asia _cAhmad Hasan Dani |
||
| 260 |
_aLahore: _bSang-e-Meel Publications; _c1996. |
||
| 300 | _a208 pages: | ||
| 650 |
_916306 _aCentral Asia, Pakistan, Diplomatic relations _xGeneral |
||
| 856 | _uhttp://www.amazon.com/Light-Central-Asia-Ahmad-Hasan/dp/9693502949/ref=sr_1_1?s=books&ie=UTF8&qid=1454994792&sr=1-1&keywords=9693502949 | ||
| 942 |
_2ddc _cBK |
||
| 999 |
_c71413 _d71413 |
||